| 000 | 00640cam a2200229 4500 | ||
|---|---|---|---|
| 008 | 090401t1999 xxu||||| |||| 00| 0 eng d | ||
| 020 | _a0421619600 | ||
| 035 | _a(Sirsi) u99371 | ||
| 041 | _aeng | ||
| 050 | _a333.3234 | ||
| 100 | _aFrancis, Andrew | ||
| 245 | _aRestrictive covenants and freehold land: a practioner's guide | ||
| 260 |
_aLondon _bSweet & Maxwell _c1999 |
||
| 300 | _axxxvi, 308p. ; 25cm. | ||
| 350 | _a65.00 | ||
| 520 | _aSuperseded by 2nd edition (ISBN 0853089361) | ||
| 650 | _aLAW OF PROPERTY ACT 1925 | ||
| 650 | _aCOVENANTS | ||
| 690 | _aPROPERTY LAW AND PRACTICE | ||
| 942 | _n0 | ||
| 948 | _c01/05/1998 | ||
| 999 |
_c99284 _d99284 |
||